|
|
|
|
| LEADER |
01268nam a22003611a 4500 |
| 001 |
000039350 |
| 003 |
15645 |
| 005 |
20241002133424.0 |
| 008 |
160412s2008 000 |
| 020 |
|
|
|c 56000đ
|d 3100b
|
| 040 |
|
|
|a LNN
|
| 041 |
0 |
|
|a vie
|
| 082 |
1 |
4 |
|a 959.7
|b TR-Đ
|
| 100 |
1 |
|
|a Trần Bá Đệ
|
| 245 |
0 |
0 |
|a Giáo trình lịch sử Việt Nam /
|c Trần Bá Đệ (ch.b.) ; Vũ Thị Hoà.
|n Tập 8
|p Từ 1975 đến nay
|
| 260 |
|
|
|a H. :
|b Đại học Sư phạm,
|c 2008.
|
| 300 |
|
|
|a 211tr. ;
|c 24cm.
|
| 504 |
|
|
|a Phụ lục: tr. 198-202. - Thư mục: tr.203-211
|
| 650 |
|
7 |
|2 Bộ TK TVQG
|a Lịch sử hiện đại
|
| 651 |
|
7 |
|2 Bộ TK TVQG
|a Việt Nam
|
| 655 |
|
7 |
|2 Bộ TK TVQG
|a Giáo trình
|
| 700 |
1 |
|
|a Trần Bá Đệ
|e ch.b.
|
| 700 |
1 |
|
|a Vũ Thị Hoà
|
| 773 |
|
|
|t Giáo trình lịch sử Việt Nam
|
| OWN |
|
|
|a LNN
|
| AVA |
|
|
|a UDN50
|b LNN
|d 959.7 TR-Đ
|e available
|t Error 5001 Not defined in file expand_doc_bib_avail.
|f 4
|g 0
|h N
|i 0
|
| 999 |
|
|
|a From the UDN01
|
| AVA |
|
|
|a UDN50
|b LNN
|d 959.7 TR-Đ
|e available
|t Error 5001 Not defined in file expand_doc_bib_avail.
|f 4
|g 0
|h N
|i 0
|
| TYP |
|
|
|a Monograph
|
| 980 |
|
|
|a Mạng thư viện Đại học Đà Nẵng
|